[Event "Arco op 42nd"]
[Site "Arco"]
[Date "2020.10.18"]
[Round "9.11"]
[White "Ottaviani, Gianluca"]
[Black "Nazarenus, Moritz"]
[Result "1/2-1/2"]
[WhiteElo "1871"]
[BlackElo "2224"]
[PlyCount "52"]
[EventDate "2020.10.10"]
[EventType "swiss"]
[EventRounds "9"]
[EventCountry "ITA"]
[SourceTitle "CBM 198 Extra"]
[Source "ChessBase"]
[SourceDate "2020.11.30"]
[SourceVersion "1"]
[SourceVersionDate "2020.11.30"]
[SourceQuality "1"]

1. e4 c6 2. d4 d5 3. Nc3 dxe4 4. Nxe4 Bf5 5. Ng3 Bg6 6. h4 h6 7. Nf3 Nd7 8. h5 Bh7 9. Bd3 Bxd3 10. Qxd3 e6 11. Bd2 Ngf6 12. 0-0-0 Qc7 13. Ne4 0-0-0 14. g3 Nxe4 15. Qxe4 Bd6 16. Kb1 Rhe8 17. c4 c5 18. Be3 Nf6 19. Qh4 b6 20. Bxh6 Rh8 21. Bxg7 Rxh5 22. Qxf6 Rf5 23. Qh4 Rxf3 24. dxc5 bxc5 25. Bf6 Re8 26. Rd2 Qd8 1/2-1/2

[Event "Arco op 42nd"]
[Site "Arco"]
[Date "2020.10.13"]
[Round "4.1"]
[White "Moroni, Luca Jr"]
[Black "Nazarenus, Moritz"]
[Result "1-0"]
[WhiteElo "2551"]
[BlackElo "2224"]
[PlyCount "37"]
[EventDate "2020.10.10"]
[EventType "swiss"]
[EventRounds "9"]
[EventCountry "ITA"]
[SourceTitle "CBM 198 Extra"]
[Source "ChessBase"]
[SourceDate "2020.11.30"]
[SourceVersion "1"]
[SourceVersionDate "2020.11.30"]
[SourceQuality "1"]

1. c4 c6 2. Nf3 d5 3. e3 Nf6 4. Nc3 e6 5. b3 Nbd7 6. Qc2 Be7 7. Bb2 b6 8. Rg1 h5 9. h3 h4 10. cxd5 exd5 11. 0-0-0 Bb7 12. Nd4 g6 13. f4 Qb8 14. Bd3 Qd6 15. Nf3 Rh6 16. Kb1 Nc5 17. Be2 0-0-0 18. Ne5 Rf8 19. b4 1-0

[Event "Oberliga Ost-B 1920"]
[Site "Germany"]
[Date "2019.09.29"]
[Round "1.4"]
[White "Nazarenus, Moritz"]
[Black "Akbarinia, Sayed Arash"]
[Result "1-0"]
[WhiteElo "2220"]
[BlackElo "2374"]
[PlyCount "57"]
[EventDate "2019.09.29"]
[EventType "team-tourn"]
[EventRounds "11"]
[EventCountry "GER"]
[SourceTitle "EXT 2021"]
[Source "ChessBase"]
[SourceDate "2020.10.23"]
[SourceVersion "1"]
[SourceVersionDate "2020.10.23"]
[SourceQuality "1"]
[WhiteTeam "Schoeneck"]
[BlackTeam "Oberursel"]
[WhiteTeamCountry "GER"]
[BlackTeamCountry "GER"]

1. d4 d5 2. c4 e6 3. Nc3 Be7 4. Nf3 Nf6 5. Bg5 h6 6. Bh4 0-0 7. e3 b6 8. Be2 Bb7 9. Bxf6 Bxf6 10. cxd5 exd5 11. b4 c6 12. 0-0 a5 13. b5 c5 14. Rc1 c4 15. Ne5 Re8 16. f4 Be7 17. Bh5 g6 18. Qg4 Bc8 19. f5 Bg5 20. Nxf7 gxh5 21. Nxh6+ Kf8 22. Qxh5 Bxe3+ 23. Kh1 Qf6 24. Ng4 Qg5 25. Qh8+ Ke7 26. Nxd5+ Kd8 27. Qh7 Nd7 28. Ngxe3 Rxe3 29. Rce1 1-0

[Event "St Petersburg Korchnoi Memorial op"]
[Site "St Petersburg"]
[Date "2019.08.22"]
[Round "9"]
[White "Kolchin, Maxim"]
[Black "Nazarenus, Moritz"]
[Result "0-1"]
[WhiteElo "2008"]
[BlackElo "2206"]
[PlyCount "54"]
[EventDate "2019.08.14"]
[EventType "swiss"]
[EventRounds "9"]
[EventCountry "RUS"]
[SourceTitle "CBM 192"]
[Source "ChessBase"]
[SourceDate "2019.10.31"]
[SourceVersion "1"]
[SourceVersionDate "2019.10.31"]
[SourceQuality "1"]

1. d4 d5 2. Nf3 Nf6 3. Bf4 e6 4. e3 Bd6 5. Bg3 c5 6. c3 Qc7 7. Ne5 Nbd7 8. f4 Qb6 9. Qb3 c4 10. Qc2 Ne4 11. Nd2 Nxd2 12. Qxd2 Nf6 13. Be2 Qc7 14. Bh4 Be7 15. Qc2 Bd7 16. 0-0 Bb5 17. Bg3 Ne4 18. Nxf7 Kxf7 19. f5 Bd6 20. fxe6+ Kxe6 21. Bf3 Bc6 22. Qe2 Nf6 23. e4 dxe4 24. d5+ Bxd5 25. Bxe4 Bxe4 26. Rxf6+ gxf6 27. Qxe4+ Be5 0-1

[Event "Catalunya-chT Gp1"]
[Site "Barcelona"]
[Date "2018.02.10"]
[Round "4.7"]
[White "Nazarenus, Moritz"]
[Black "Bruned Segura, Mario"]
[Result "1-0"]
[WhiteElo "2263"]
[BlackElo "2090"]
[PlyCount "67"]
[EventDate "2018.01.20"]
[EventType "team-tourn"]
[EventRounds "7"]
[EventCountry "ESP"]
[SourceTitle "CBM 182 Extra"]
[Source "ChessBase"]
[SourceDate "2018.02.23"]
[SourceVersion "1"]
[SourceVersionDate "2018.02.23"]
[SourceQuality "1"]
[WhiteTeam "Barcelona Escola Escacs"]
[BlackTeam "Lleida"]
[WhiteTeamCountry "ESP"]
[BlackTeamCountry "ESP"]

1. d4 d6 2. Nf3 Bg4 3. Nbd2 Nd7 4. c3 e5 5. dxe5 Nxe5 6. Nxe5 dxe5 7. h3 Be6 8. e4 Bc5 9. Qh5 Qf6 10. Nf3 Bd6 11. Be2 g6 12. Qg5 h6 13. Qe3 Qe7 14. 0-0 Nf6 15. b4 Nh5 16. c4 Bxb4 17. Nxe5 Qc5 18. Qb3 Qxe5 19. Qxb4 Nf4 20. Bxf4 Qxf4 21. Rfd1 Qxe4 22. Re1 a5 23. Qa3 0-0-0 24. Qxa5 Kb8 25. Rab1 Bc8 26. Bf3 Qf5 27. Rb5 Qd7 28. Reb1 c6 29. Rb6 Qd2 30. Rxb7+ Bxb7 31. Rxb7+ Kxb7 32. Qb5+ Ka7 33. Qc5+ Kb8 34. Qb6+ 1-0

[Event "Schoeneck Schoebel Memorial 1st"]
[Site "Schoeneck"]
[Date "2017.12.30"]
[Round "6"]
[White "Nazarenus, Moritz"]
[Black "Dolzhikova, Kateryna"]
[Result "1/2-1/2"]
[WhiteElo "2261"]
[BlackElo "2238"]
[PlyCount "65"]
[EventDate "2017.12.27"]
[EventType "swiss"]
[EventRounds "7"]
[EventCountry "GER"]
[SourceTitle "CBM 182 Extra"]
[Source "ChessBase"]
[SourceDate "2018.02.23"]
[SourceVersion "1"]
[SourceVersionDate "2018.02.23"]
[SourceQuality "1"]

1. d4 Nf6 2. c4 g6 3. Nc3 Bg7 4. e4 d6 5. f3 c6 6. Be3 a6 7. Bd3 b5 8. Nge2 0-0 9. 0-0 bxc4 10. Bxc4 a5 11. Rc1 Ba6 12. Bxa6 Nxa6 13. Na4 Rc8 14. Qd2 Re8 15. b3 Nd7 16. Rfd1 c5 17. Nec3 cxd4 18. Bxd4 Nac5 19. Bxg7 Kxg7 20. Qd4+ Kg8 21. Nd5 Nxa4 22. Qxa4 Nc5 23. Qd4 Ne6 24. Qa7 Ra8 25. Qe3 Qb8 26. f4 Qa7 27. Qxa7 Rxa7 28. f5 Nc5 29. f6 e5 30. Rc4 Kf8 31. Kf2 Rb8 32. Ke3 Ke8 33. Rd2 1/2-1/2